000 01679nam0a2200313 i 4500
001 RU\NLR\BIBL_A\011098684
005 20260406000652.0
010 _a9785905968075
_93000
035 _a(NLR Aleph) 011098684
090 _a11407720
_c11407720
100 _a20160408d2015 u y0rusy50 ca
101 0 _arus
102 _aRU
105 _aa z 000yy
200 1 _aТеатр Пьетро Гонзаги в Архангельском
_f[О.В. Колесникова, М.Д. Краснобаева]
_gГос. музей-усадьба "Архангельское"
210 _aМосква
_cГосударственный музей-усадьба "Архангельское"
_d2015
215 _a47 с.
_cил., цв. ил.
_d20
225 1 _aСерия "Достопримечательности усадьбы"
300 _aАвт. указаны в вып. дан.
601 0 2 _a"Архангельское", государственный музей-усадьба
_bТеатр
_92279145
_3RU\NLR\AUTH\6601593982
686 _aЩ101.3(2Р)-2Москва9Архангельское7
700 1 _7ca
_8rus
_aКолесникова
_bО. В.
_cмузеевед
_gОльга Викторовна
_9157393
_3RU\NLR\AUTH\770157433
701 1 _aКраснобаева
_bМ. Д.
_gМарина Д.
702 1 _4570
_8rus
_7ca
_aГонзага
_bП. Г.
_f1751-1831
_gПьетро Готтардо
_3RU\NLR\AUTH\77110219
_993144
712 0 2 _4570
_a"Архангельское", государственный музей-усадьба
_bТеатр
_cМосковская обл.
_9513105
_3RU\NLR\AUTH\880424259
942 _cBOOK
980 _aNBR